Statistics for Countries Closest to Switzerland by first 2 letters

Click here to take the quiz!

General Stats

  • This quiz has been taken 137 times
  • The average score is 17 of 20

Answer Stats

kmcountrymiles% Correct
0France0
100%
0Austria0
97%
0Germany0
97%
0Italy0
97%
539Poland335
96%
0Liechtenstein0
92%
502Slovakia312
91%
224Slovenia139
91%
468Spain291
91%
254Belgium158
87%
227Luxembourg141
86%
316Czechia196
84%
310San Marino193
84%
236Monaco147
82%
370Netherlands230
82%
515Vatican City320
79%
261Croatia162
78%
515Andorra320
74%
428Hungary266
74%
439Bosnia and
Herzegovina
272
66%

Score Distribution

Percentile by Number Answered

Percent of People with Each Score

Your Score History

You have not taken this quiz